000 00440cam a2200181ua 4500
020 _c15 s net
041 _aeng
_h
082 _a828.09
_bTIL/ST
100 _aTillyard, E M W .
245 _aStudies in Milton /
_cE M W Tillyard.
_hTextual Documents
250 _a1 /
_b.
260 _aLondon :
_bChatto and Windus ,
_c1964.
300 _a176 ; .
365 _a15 s net
504 _a
942 _cBK
999 _c6857
_d6857